| 000 | 00520 a2200205 4500 | ||
|---|---|---|---|
| 005 | 20260401113544.0 | ||
| 008 | 260324b |||||||| |||| 00| 0 eng d | ||
| 020 |
_a9789371260046 _cRs. 1045.00 |
||
| 040 | _aMAIN | ||
| 082 |
_a657.48 _bG749F(13) |
||
| 100 | _aGoyal, Bhushan Kumar | ||
| 245 | _aFinancial accounting, 2V | ||
| 250 | _a13th | ||
| 260 |
_bTaxmann Publishers _c2025 _aNew Delhi |
||
| 300 | _av. | ||
| 650 | _aAccounting | ||
| 650 | _aAccounting Standard | ||
| 700 | _aTiwari, H N | ||
| 942 | _cBK | ||
| 999 |
_c396975 _d396975 |
||